000 00565nam a2200193Ia 4500
003 GCL
008 140319s9999 xx 000 0 ara d
040 _aGCL /
_cGCL
082 0 4 _a275
_bش د
100 1 _aالشابشنى ابوالحسن على بن محمد
245 1 0 _aالديارات /
_cالشابشنى ابوالحسن على بن محمد
260 _a[S.N] :
_bمطبعة المعارف ،
_c1966
300 _a520 ص
490 _a
650 0 4 _aالاديرة
650 0 4 _aالرهبان
650 0 4 _aالكاراتية
942 _2ddc
_cBK
999 _c58632
_d58632